00373nam a22001337a 450000500170000000800410001704100130005808200120007110000130008324500400009626000460013630000310018265000260021320240701144605.0240701b |||||||| |||| 00| 0 eng d aEnglish  a349 ANN lEnglish  aAnnual Survey of South African Law  aCape Town: bJuta and Company Ltd, c1989 bxliii,647 pages; c25 cm.  aLegal practice bLaw